| 000 | 00392nam a2200145 a 4500 | ||
|---|---|---|---|
| 001 | 2584 | ||
| 003 | CDMR | ||
| 005 | 20130319115909.0 | ||
| 008 | 130130s1992||||||||||||||||||||||||||||d | ||
| 040 |
_aCDMR _bcat _cCPC LLEIDA |
||
| 100 | 1 |
_aFarré, Glòria _91939 |
|
| 245 | 1 | 0 |
_aLleida, capital ferma _cFARRÉ, Glòria, LONCÀ, Antoni; PRIM, Toni |
| 260 |
_aBarcelona _c1992 _bZeus |
||
| 942 |
_cMON _2udc |
||
| 999 |
_c2584 _d2584 |
||